How Our Parliament Functions (Record no. 458)
[ view plain ]
| 000 -LEADER | |
|---|---|
| fixed length control field | 00380nam a22001217a 4500 |
| 008 - FIXED-LENGTH DATA ELEMENTS--GENERAL INFORMATION | |
| fixed length control field | 230605b xxu||||| |||| 00| 0 eng d |
| 020 ## - INTERNATIONAL STANDARD BOOK NUMBER | |
| International Standard Book Number | 998855088 |
| 082 ## - DEWEY DECIMAL CLASSIFICATION NUMBER | |
| Classification number | 328.3667 |
| Item number | AYE |
| 245 ## - TITLE STATEMENT | |
| Title | How Our Parliament Functions |
| Remainder of title | An Introduction to the Law, Practice and Procedure of the Parliament of Ghana |
| 260 ## - PUBLICATION, DISTRIBUTION, ETC. (IMPRINT) | |
| Place of publication, distribution, etc. | Ghana |
| Name of publisher, distributor, etc. | Sub-Sahara Publishers |
| Date of publication, distribution, etc. | 2006 |
| 300 ## - PHYSICAL DESCRIPTION | |
| Extent | 94 p |
| 942 ## - ADDED ENTRY ELEMENTS (KOHA) | |
| Source of classification or shelving scheme | Dewey Decimal Classification |
| Koha item type | Books |
| Withdrawn status | Lost status | Source of classification or shelving scheme | Damaged status | Not for loan | Home library | Current library | Date acquired | Total Checkouts | Full call number | Barcode | Date last seen | Price effective from | Koha item type |
|---|---|---|---|---|---|---|---|---|---|---|---|---|---|
| Dewey Decimal Classification | Bunge Tower Library | Bunge Tower Library | 06/05/2023 | 328.3667 AYE | 100029 | 06/05/2023 | 06/05/2023 | Books |
